000 00960nam a22003017a 4500
001 BR6000367
003 BR-BrBNA
005 20230928083022.0
007 ta
008 230509b bl.||||| |||| 00| 0 por d
040 _aBR-BrBNA
_bpor
_cBiblioteca Nacional de Agricultura
041 _a(Por)
072 _aL20; M10
_b8890
090 _ 8890 BR6000367
100 1 _aSantos, E.
110 1 _aServico de Informacao Agricola, Rio de Janeiro, GB (Brasil);
110 1 _aDepartamento Nacional da Producao Animal, Rio de Janeiro, GB (Brasil). Div. de Caca e Pesca
245 1 _aOs animais selvagens. Aprisionamento. Cativeiro. Amansamento. Domesticacao. Utilizacao
260 3 _aRio de Janeiro, GB (Brasil):
_c1956.
300 _a204 p.
500 _aBibliography p. 203-204
650 _aEcologia animal
650 _aProducao pesqueira
650 _aAnimal selvagem
650 _aCriacao
909 _a202309
_bLucia
_c55
_dLucia Elande
942 _cBK
999 _c11125
_d11125